000 00667nam a2200253Ia 4500
003 OSt
005 20220918221909.0
006 a|||||r|||| 00| 0
007 ta
008 220917b |||||||| |||| 00| 0 eng d
024 _a210,567
037 _cTextual
040 _aARTS
_cARTS
_beng
041 _2eng
_aeng
082 _aO152,3N361,AS, M5
100 _aHkzej] jke dqekj
_9141704
245 0 _avlhe
260 _afnYyh]
_bljLorh fogkj
_c1985
300 _a124i`0
_ccm.
490 _aegkHkkjr ij vk/kkfjr miU;kl( 8
650 _afgUnh lkfgR;
942 _hO152,3N361,AS, M5
_cTEXL
_2CC
999 _c273977
_d273977